| 000 | 01241nam a2200229Ia 4500 | ||
|---|---|---|---|
| 001 | L251-17370 | ||
| 003 | IT-CnALBA | ||
| 008 | 170116s9999||||xx |||||||||||||| ||und|| | ||
| 040 |
_aIT-CnALBA _cIT-CnALBA |
||
| 041 | _aITALIANO | ||
| 100 | _aSENZA AUTORE | ||
| 245 | 0 | _aSTORIA DELLA PREDICAZIONE NEI SECOLI DELLA LETTERATURA ITALIANA. | |
| 250 | _a1a ed. | ||
| 260 |
_aARC. MODENA. _bIMMAC. CONCEZ. TIP. PONT. _c1899 [1° Ed.:1899 - Ed.Ling.Originale: 1899] |
||
| 300 | _a568 p. | ||
| 500 | _aS. DOMENICO E FRANCESCO D'ASSISI. SCUOLE MONASTICHE. ALBERTO MAGNO. TOMMASO D'AQUINO. BONAVENTURA. BERNARDINO DA SIENA. MONTI DI PIETÀ. G. SAVONAROLA CONCILIO DI TRENTO. APOSTOLI ED APOSTATI. I GESUITI. CARLO BORROMEO. PAOLO SEGNERI. LEONARDO DA PORTOMAUR | ||
| 501 | _aSocietà San Paolo EM - Piazza San Paolo, 14 - 12051 ALBA (CN) (non commercial uses only) ® Copyright 2017 | ||
| 520 | _aS. DOMENICO E FRANCESCO D'ASSISI. SCUOLE MONASTICHE. ALBERTO MAGNO. TOMMASO D'AQUINO. BONAVENTURA. BERNARDINO DA SIENA. MONTI DI PIETÀ. G. SAVONAROLA CONCILIO DI TRENTO. APOSTOLI ED APOSTATI. I GESUITI. CARLO BORROMEO. PAOLO SEGNERI. LEONARDO DA PORTOMAUR | ||
| 650 | _aPREDICAZIONE - ORATORIA SACRA | ||
| 942 | _cBK | ||
| 957 | _71 | ||
| 999 |
_a22114 _bSI _g Copie: 1 _c276523 _d276523 |
||